000 00917nam a2200229Ia 4500
003 Ost
005 20260507075000.0
008 260507s9999||||xx |||||||||||||| ||und||
020 _a9957060406
040 _cfsecg
041 _aara
082 _a330.12
100 _aالشماع، خليل محمد حسن
_eمؤلف
245 0 _aنظرية المنظمة /
_c خليل محمد حسن الشماع
260 _aعمان:
_bدار المسيرة للنشر,
_c2000
300 _a434 صفحة؛
_bإيضاحات ؛
_c25 سم
504 _aببليوغرافيا:ص.429-434؛ قائمة الجداول والأشكال:ص.9-11
520 _aتطور نظرية المنظمة،مكونات المنظمة،أوجه نشاط المنظمة،نمو وتغيير المنظمة
653 _aالنظم الاقتصادية
700 _aخضير، كاظم حمود
_eمؤلف ثانوي
942 _cكتاب
999 _c42063
_d42063